000 00230nam a22000857a 4500
008 161015b xxu||||| |||| 00| 0 eng d
100 _9856
_aBeers.V.G
245 _aFriends are Helpers
260 _aMichigan
_bEducational Publications
_c1991
999 _c3508
_d3508